Normal view
MARC view
Entry Personal Name
001 - CONTROL NUMBER
- control field: 10232
003 - CONTROL NUMBER IDENTIFIER
- control field: ARRUPE
005 - DATE AND TIME OF LATEST TRANSACTION
- control field: 20140515123026.0
008 - FIXED-LENGTH DATA ELEMENTS
- fixed length control field: 140515|| aca||aabn | a|a d
040 ## - CATALOGING SOURCE
- Original cataloging agency: ARRUPE
- Transcribing agency: ARRUPE
100 ## - HEADING--PERSONAL NAME
- Personal name: Campbell-Johnston, Michael
670 ## - SOURCE DATA FOUND
- Source citation: Work cat.: (ARRUPE): Campbell-Johnston, Michael, Time to change, 2010